Loading...
| Literature - European | 0 | 6 | 0 | 1 | 60 | 63 | 97.50 | 0 | 5 | 16.75 | 37.50 |
| Literature - British | 0 | 5 | 0 | 1 | 50 | 50 | 76.40 | 0 | 4 | 20.53 | 28.41 |
| Science - Chemistry | 0 | 6 | 2 | 0 | 50 | 44 | 61.33 | 0 | 2 | 24.86 | 37.50 |
| Science - Physics | 0 | 5 | 0 | 1 | 50 | 75 | 97.80 | 0 | 1 | 9.87 | 22.73 |
| Religion | 0 | 5 | 1 | 2 | 45 | 60 | 98.20 | 1 | 1 | 7.32 | 17.05 |
| Literature - American | 0 | 4 | 0 | 1 | 40 | 74 | 103.25 | 1 | 2 | 10.09 | 23.86 |
| Social Science | 0 | 4 | 0 | 0 | 40 | 62 | 77.50 | 2 | 3 | 11.03 | 28.41 |
| Mythology | 0 | 4 | 0 | 1 | 40 | 42 | 80.00 | 1 | 2 | 13.55 | 25.00 |
| Philosophy | 0 | 4 | 0 | 2 | 40 | 108 | 115.25 | 0 | 1 | 0.70 | 7.95 |
| Science - Biology | 0 | 4 | 1 | 1 | 35 | 76 | 89.25 | 1 | 3 | 8.27 | 23.86 |
| Literature - World | 0 | 3 | 0 | 0 | 30 | 90 | 93.67 | 0 | 2 | 9.52 | 13.64 |
| Science - Other | 0 | 2 | 0 | 0 | 20 | 59 | 85.00 | 0 | 1 | 5.48 | 11.36 |
| Fine Arts - Other | 0 | 2 | 1 | 1 | 15 | 119 | 124.00 | 0 | 1 | 1.68 | 9.09 |
| Geography | 0 | 1 | 0 | 0 | 10 | 124 | 124.00 | 0 | 0 | 0.00 | 6.25 |
| Other Academic | 0 | 1 | 1 | 0 | 5 | 80 | 80.00 | 0 | 1 | 10.19 | 18.75 |
| History - Other | 0 | 0 | 1 | 0 | -5 | 0.00 | 0 | 0 | 0.00 | 0.00 |